000 00622nam a2200253Ia 4500
003 OSt
005 20221005114000.0
006 a|||||r|||| 00| 0
007 ta
008 221004b |||||||| |||| 00| 0 tel d
024 _a39513
037 _cTextual
040 _aCRL
_cCRL
_btel
041 _2tel
_atel
082 _aS:55x1, 35J0
100 _aVemabhuplala's
_9625274
245 0 _aAmarukavyam
260 _c1950
300 _a164p.
_ccm.
650 _a TELUGU LANGUAGE
_9155493
650 _aPSYCHOLOGY
942 _hS:55x1, 35J0
_cTEXL
_2cc
999 _c1029942
_d1029942